000 00520nam a22001817a 4500
003 OSt
005 20140310182215.0
008 130907t xxu||||| |||| 00| 0 eng d
050 _aBT 653
_b.L896 1985
082 _aHS 231.73
_b L94 1985
100 _aLovasik, Lawrence G.
_917003
245 _aOur lady of Lourdes and Marie Bernadette
_cLawrence G. Lovasik
260 _aNew York :
_bCatholic book publishing,
_cc1985.
300 _a32 p. :
_bill. ;
_c20 cm.
942 _2lcc
_cHS
999 _c10569
_d10569